[Event "C.to Europeo U12"]
[Site "Fermo ITA"]
[Date "2009.09.01"]
[Round "2"]
[White "Gorbanovsky, Oleg"]
[Black "Zanan, Evgeny"]
[Result "0-1"]
[WhiteElo "1876"]
[BlackElo "2111"]
[PlyCount "84"]
[EventDate "2009.08.31"]

1. e4 c5 2. Nf3 e6 3. d4 cxd4 4. Nxd4 Nc6 5. Nc3 Qc7 6. Be3 a6 7. Be2 Nf6 8.
O-O b5 9. a3 Bb7 10. f3 Be7 11. Kh1 O-O 12. Qe1 d6 13. Qf2 Ne5 14. Rad1 Rac8
15. g4 Nc4 16. Bxc4 Qxc4 17. Rg1 Nd7 18. Nde2 Qc7 19. Qg3 Nb6 20. h4 Nc4 21.
Bc1 Qc5 22. Rd3 b4 23. axb4 Qxb4 24. b3 Ne5 25. Rd4 Qb6 26. Be3 Nc6 27. Rd3 Qa5
28. Rdd1 Nb4 29. Ra1 Qd8 30. Rac1 Bxh4 31. Qh3 Bf6 32. Rg2 Be5 33. g5 Re8 34.
Bd2 d5 35. exd5 Nxd5 36. Nxd5 Qxd5 37. Ng1 Red8 38. c4 Qd3 39. Ba5 Re8 40. Rg4
Bd4 41. Rg3 Bf2 42. Rg2 Bxg1 0-1

[Event "C.to Europeo U12"]
[Site "Fermo ITA"]
[Date "2009.09.01"]
[Round "2"]
[White "Lamard, Guillaume"]
[Black "Ladva, Ottomar"]
[Result "1/2-1/2"]
[WhiteElo "2101"]
[BlackElo "1870"]
[PlyCount "50"]
[EventDate "2009.08.31"]

1. d4 d5 2. c4 c6 3. Nf3 Nf6 4. Qc2 dxc4 5. Qxc4 Bf5 6. g3 e6 7. Bg2 Nbd7 8.
O-O Be7 9. e3 O-O 10. Qe2 Ne4 11. Nbd2 Nxd2 12. Nxd2 h6 13. b3 a5 14. a3 Qb6
15. Bb2 Rfd8 16. e4 Bh7 17. Qe3 e5 18. Nc4 Qa7 19. dxe5 Qxe3 20. Nxe3 Nc5 21.
Nc4 Bxe4 22. Bxe4 Nxe4 23. Rad1 Nc5 24. Rxd8+ Bxd8 25. Rd1 Be7 1/2-1/2

[Event "C.to Europeo U12"]
[Site "Fermo ITA"]
[Date "2009.09.01"]
[Round "2"]
[White "Shen, Yue"]
[Black "Daskalov, Dimitar"]
[Result "0-1"]
[WhiteElo "1752"]
[BlackElo "1936"]
[PlyCount "40"]
[EventDate "2009.08.31"]

1. e4 c5 2. Nf3 e6 3. d4 cxd4 4. Nxd4 Nf6 5. f3 Nc6 6. Be3 Qb6 7. b3 Bc5 8. c3
d5 9. Qd3 O-O 10. Nd2 e5 11. Nf5 dxe4 12. Nxe4 Nxe4 13. Qxe4 Bxf5 14. Qxf5 Bxe3
15. Bd3 g6 16. Qe4 Bf2+ 17. Ke2 f5 18. Qc4+ Kh8 19. Rhd1 Qe3+ 20. Kf1 Bg1 0-1

[Event "C.to Europeo U12"]
[Site "Fermo ITA"]
[Date "2009.09.01"]
[Round "2"]
[White "Svane, Rasmus"]
[Black "Repka, Christopher"]
[Result "1-0"]
[WhiteElo "2080"]
[BlackElo "1860"]
[PlyCount "60"]
[EventDate "2009.08.31"]

1. e4 Nc6 2. Nf3 d5 3. exd5 Qxd5 4. Nc3 Qa5 5. Bb5 Bd7 6. O-O O-O-O 7. d4 e6 8.
a3 Bb4 9. Bg5 Bxc3 10. Bxc6 Bxc6 11. Bxd8 Bxb2 12. Rb1 Qxa3 13. Ne5 Nh6 14. Bg5
Bd5 15. Bxh6 gxh6 16. Qg4 Qf8 17. g3 Rg8 18. Qf4 Bc3 19. Qe3 f6 20. Qxc3 fxe5
21. dxe5 Qf5 22. f3 h5 23. Qd4 Qh3 24. Qf4 h4 25. g4 Bxf3 26. Qxf3 Rxg4+ 27.
Kh1 Rg3 28. Qxb7+ Kd7 29. Rbd1+ Ke7 30. Qxc7+ Ke8 1-0

[Event "C.to Europeo U12"]
[Site "Fermo ITA"]
[Date "2009.09.01"]
[Round "2"]
[White "Takacs, Laszlo"]
[Black "Boruchovsky, Avital"]
[Result "0-1"]
[WhiteElo "1876"]
[BlackElo "2084"]
[PlyCount "100"]
[EventDate "2009.08.31"]

1. e4 e5 2. Bc4 Nf6 3. d4 exd4 4. Nf3 Bc5 5. O-O O-O 6. e5 d5 7. Bd3 Ne4 8.
Nbd2 Nxd2 9. Bxd2 Bg4 10. Re1 Re8 11. h3 Bh5 12. g4 Bg6 13. Bxg6 hxg6 14. Bg5
Qd7 15. Nxd4 Nc6 16. Nxc6 Qxc6 17. c3 Re6 18. Qd2 Rae8 19. Bf4 Qb6 20. b4 Be7
21. Qxd5 Rd8 22. Qf3 g5 23. Be3 Qb5 24. Bd4 b6 25. a4 Qc4 26. b5 a6 27. Reb1
axb5 28. axb5 Bc5 29. Ra8 Ree8 30. Rxd8 Rxd8 31. Bxc5 Qxc5 32. Qf5 Qxc3 33.
Qxg5 Rd5 34. Rc1 Qxh3 35. Qf5 g6 36. Qf4 Rxb5 37. Rd1 Qh4 38. Qe4 Rxe5 39. Qxe5
Qxg4+ 40. Kh2 Qxd1 41. Qe8+ Kg7 42. Qe5+ Kh7 43. Qxc7 Qh5+ 44. Kg2 Qd5+ 45. Kg1
b5 46. Qc3 Qd1+ 47. Kg2 Qg4+ 48. Kf1 Qc4+ 49. Qxc4 bxc4 50. Ke2 Kh6 0-1

[Event "C.to Europeo U12"]
[Site "Fermo ITA"]
[Date "2009.09.02"]
[Round "3"]
[White "Kaczmarek, Aleksander"]
[Black "Antal, Tibor Kende"]
[Result "1-0"]
[WhiteElo "1967"]
[BlackElo "2155"]
[PlyCount "83"]
[EventDate "2009.08.31"]

1. e4 c5 2. Nf3 d6 3. d4 cxd4 4. Nxd4 Nf6 5. Nc3 a6 6. f4 Qc7 7. Nf3 e6 8. Bd3
Nbd7 9. O-O b5 10. a3 Bb7 11. Qe1 Be7 12. b4 O-O 13. Bb2 e5 14. Nh4 Rfe8 15.
fxe5 Nxe5 16. Nf5 Bf8 17. Qg3 Kh8 18. Ne3 Rac8 19. Kh1 Re6 20. Qh3 Nc4 21. Bxc4
bxc4 22. Ned5 Nxd5 23. Nxd5 Bxd5 24. exd5 Re2 25. Qh5 Rxc2 26. Rxf7 c3 27. Raf1
Qd8 28. Qf5 Be7 29. Qxc2 cxb2 30. Qxb2 Bf6 31. Qb1 Qg8 32. Qf5 Re8 33. Rc7 Qf8
34. h3 Kg8 35. Qc2 Rd8 36. a4 Qe8 37. b5 axb5 38. axb5 Rb8 39. b6 Bd8 40. Rc8
Rxb6 41. Qc7 Rb8 42. Qxb8 1-0

[Event "C.to Europeo U12"]
[Site "Fermo ITA"]
[Date "2009.09.02"]
[Round "3"]
[White "Khamidov, Komil"]
[Black "Codenotti, Marco"]
[Result "0-1"]
[WhiteElo "1962"]
[BlackElo "2117"]
[PlyCount "104"]
[EventDate "2009.08.31"]

1. e4 c5 2. Nf3 Nc6 3. d4 cxd4 4. Nxd4 g6 5. Nc3 Bg7 6. Be3 Nf6 7. Nxc6 bxc6 8.
e5 Ng8 9. Bd4 Qa5 10. e6 Nf6 11. exf7+ Kxf7 12. Bc4+ d5 13. Bb3 Ba6 14. Qd2 e5
15. Bxe5 Rhe8 16. f4 Bh6 17. Qd4 Ng4 18. O-O-O Rxe5 19. h3 Rf5 20. hxg4 Rxf4
21. Qd2 Bg5 22. Nxd5 Qxd2+ 23. Rxd2 cxd5 24. Bxd5+ Kg7 25. Bxa8 Rd4 26. Rhd1
Be2 27. c3 Rd8 28. Kc2 Bxd1+ 29. Rxd1 Rxa8 30. Rd7+ Kh6 31. b4 Rd8 32. Rxa7
Rd2+ 33. Kb3 Rxg2 34. a4 Rxg4 35. a5 Rg1 36. b5 Rb1+ 37. Kc4 Be3 38. Rb7 g5 39.
Re7 Bg1 40. b6 g4 41. b7 Ba7 42. Kd3 g3 43. Re6+ Kg5 44. Re7 h5 45. a6 Kh4 46.
Rg7 Kh3 47. c4 g2 48. c5 g1=Q 49. Rxg1 Rxg1 50. Kd2 Rg5 51. c6 Rc5 52. c7 Rxc7
0-1

[Event "C.to Europeo U12"]
[Site "Fermo ITA"]
[Date "2009.09.02"]
[Round "3"]
[White "Zanan, Evgeny"]
[Black "Ali Marandi, Cemil Can"]
[Result "1-0"]
[WhiteElo "2111"]
[BlackElo "1946"]
[PlyCount "101"]
[EventDate "2009.08.31"]

1. d4 d5 2. c4 c6 3. Nf3 Nf6 4. Nc3 a6 5. c5 Nbd7 6. Bf4 Nh5 7. Bg5 g6 8. g3
Bg7 9. Bg2 h6 10. Bd2 O-O 11. O-O Kh7 12. e4 dxe4 13. Nxe4 Nhf6 14. Nc3 e5 15.
dxe5 Ng4 16. e6 Nxc5 17. h3 Ne5 18. Nxe5 Bxe5 19. exf7 Rxf7 20. Qe2 Re7 21. Be3
Bxc3 22. bxc3 Ne4 23. Qc4 b5 24. Qb3 Be6 25. Qc2 Bd5 26. Rfe1 Qe8 27. Bf4 Nf6
28. Qd2 Bxg2 29. Kxg2 Rd8 30. Rxe7+ Qxe7 31. Re1 Qf8 32. Bxh6 Rxd2 33. Bxf8
Rxa2 34. Re6 Nd5 35. Rxc6 Ne3+ 36. Kf3 Nd1 37. Bc5 Nxc3 38. Bd4 Nb1 39. Rc7+
Kg8 40. Rg7+ Kf8 41. Rxg6 a5 42. Rb6 Nd2+ 43. Kg2 b4 44. h4 Ne4 45. h5 Kg8 46.
Rb8+ Kf7 47. Rb7+ Ke6 48. h6 Ng5 49. Rg7 Nf7 50. Rxf7 Kxf7 51. h7 1-0

[Event "C.to Europeo U12"]
[Site "Fermo ITA"]
[Date "2009.09.03"]
[Round "4"]
[White "Boruchovsky, Avital"]
[Black "Gheorghiu, Calin"]
[Result "1-0"]
[WhiteElo "2084"]
[BlackElo "1859"]
[PlyCount "67"]
[EventDate "2009.08.31"]

1. e4 e6 2. d4 d5 3. Nd2 Nc6 4. Ngf3 Nf6 5. e5 Nd7 6. Bd3 f6 7. Ng5 fxg5 8.
Qh5+ g6 9. Bxg6+ hxg6 10. Qxg6+ Ke7 11. Nf3 Ndxe5 12. dxe5 Qe8 13. Bxg5+ Kd7
14. Qd3 Nb4 15. Qb3 Qg6 16. O-O-O a5 17. a4 b5 18. h4 c5 19. Kb1 Rb8 20. Bf6
Rg8 21. g4 c4 22. Qc3 bxa4 23. h5 Qe8 24. h6 a3 25. h7 Rh8 26. Qxa3 Rb5 27. Qa4
Kc7 28. Nd4 Ba6 29. Nxb5+ Bxb5 30. Qxa5+ Kc6 31. Bxh8 Qg6 32. Rc1 Na6 33. Bf6
Bb4 34. Qd8 1-0

[Event "C.to Europeo U12"]
[Site "Fermo ITA"]
[Date "2009.09.03"]
[Round "4"]
[White "Codenotti, Marco"]
[Black "Csonka, Balazs"]
[Result "0-1"]
[WhiteElo "2117"]
[BlackElo "2062"]
[PlyCount "48"]
[EventDate "2009.08.31"]

1. g3 Nf6 2. Bg2 d5 3. Nf3 c6 4. O-O Bf5 5. d3 e6 6. Nfd2 Be7 7. Nc3 O-O 8. e4
dxe4 9. dxe4 Bg6 10. f4 Nbd7 11. Qe2 Bh5 12. Qe1 e5 13. f5 Ne8 14. Bf3 Bxf3 15.
Nxf3 Nd6 16. a4 Qc7 17. b3 f6 18. Be3 Nf7 19. Qf2 Qa5 20. Rfd1 Qxc3 21. a5 Bc5
22. Bxc5 Nxc5 23. Qe2 Rad8 24. Rdb1 Ng5 0-1

[Event "C.to Europeo U12"]
[Site "Fermo ITA"]
[Date "2009.09.03"]
[Round "4"]
[White "Kumsiashvili, Nikoloz"]
[Black "Bayramov, Elkhan Khayyat Oglu"]
[Result "1/2-1/2"]
[WhiteElo "1912"]
[BlackElo "1964"]
[PlyCount "40"]
[EventDate "2009.08.31"]

1. d4 g6 2. c4 Bg7 3. Nc3 Nf6 4. e4 d6 5. Be2 O-O 6. Bg5 c5 7. d5 a6 8. a4 e6
9. Qd2 Qa5 10. f3 Re8 11. Ra3 exd5 12. cxd5 Qb4 13. Be3 Nbd7 14. a5 b5 15. Qc1
c4 16. Kf1 Nxe4 17. fxe4 Nc5 18. Bxc5 Qxc5 19. Ra1 Bxc3 20. Qxc3 Rxe4 1/2-1/2

[Event "C.to Europeo U12"]
[Site "Fermo ITA"]
[Date "2009.09.03"]
[Round "4"]
[White "Sanal, Vahap"]
[Black "Marczuk, Dominik"]
[Result "1-0"]
[WhiteElo "1976"]
[BlackElo "1867"]
[PlyCount "69"]
[EventDate "2009.08.31"]

1. e4 c5 2. Nf3 d6 3. d4 cxd4 4. Nxd4 Nf6 5. Nc3 a6 6. Bg5 e6 7. f4 h6 8. Bh4
Be7 9. Qf3 Qc7 10. O-O-O Nbd7 11. Bxf6 Nxf6 12. g4 g5 13. f5 e5 14. Nb3 b5 15.
Nd5 Nxd5 16. exd5 Bf6 17. Nd2 Bb7 18. Ne4 Ke7 19. Qf2 Rac8 20. Kb1 b4 21. Bg2
a5 22. h4 a4 23. Qd2 gxh4 24. Nxf6 Kxf6 25. Rxh4 b3 26. cxb3 axb3 27. axb3 Qc5
28. Rxh6+ Rxh6 29. Qxh6+ Ke7 30. f6+ Kd7 31. Qh7 Rf8 32. Qg7 Ke8 33. Rh1 Kd7
34. Qxf8 Kc7 35. Rc1 1-0

[Event "C.to Europeo U12"]
[Site "Fermo ITA"]
[Date "2009.09.03"]
[Round "4"]
[White "Shoshin, Valeriy"]
[Black "Mazzeo, Gabriele"]
[Result "1/2-1/2"]
[WhiteElo "1801"]
[BlackElo "1632"]
[PlyCount "75"]
[EventDate "2009.08.31"]

1. e4 e5 2. Bc4 Nf6 3. d3 Nc6 4. Nc3 Na5 5. Bb3 Bb4 6. f4 Nxb3 7. axb3 d6 8. f5
d5 9. exd5 Nxd5 10. Qg4 g6 11. Qe4 Bxf5 12. Qxe5+ Qe7 13. Qxe7+ Kxe7 14. Bd2
Nxc3 15. Bxc3 Bxc3+ 16. bxc3 f6 17. Nf3 Kf7 18. Kd2 a6 19. Nd4 Bd7 20. Rhf1
Rae8 21. Rf2 Kg7 22. Raf1 Rhf8 23. c4 c5 24. Ne2 Bc6 25. Nf4 Rf7 26. Nd5 Re6
27. g4 Rd6 28. g5 Bxd5 29. gxf6+ Rdxf6 30. Rxf6 Rxf6 31. Rxf6 Kxf6 32. cxd5 Ke5
33. c4 h5 34. Ke3 g5 35. Kf3 Kf5 36. Ke3 Ke5 37. h3 b6 38. Ke2 1/2-1/2

[Event "C.to Europeo U12"]
[Site "Fermo ITA"]
[Date "2009.09.03"]
[Round "4"]
[White "Svane, Rasmus"]
[Black "Ladva, Ottomar"]
[Result "1-0"]
[WhiteElo "2080"]
[BlackElo "1870"]
[PlyCount "65"]
[EventDate "2009.08.31"]

1. e4 e5 2. Bc4 Nf6 3. Nf3 Nxe4 4. Nc3 Nf6 5. Nxe5 d5 6. Bb3 Bd6 7. d4 c6 8.
O-O O-O 9. Bg5 Bf5 10. Qf3 Bg6 11. Rae1 Be7 12. Qh3 b5 13. f4 b4 14. Nd1 h6 15.
Bxh6 gxh6 16. Qxh6 Nh5 17. g4 Ng7 18. Rf3 Bh4 19. Rh3 Bh5 20. Re2 Qf6 21. Qxf6
Bxf6 22. gxh5 Ne6 23. Rg3+ Kh7 24. c3 bxc3 25. bxc3 Nxf4 26. Rf2 Bxe5 27. dxe5
Ne6 28. Rf6 Nc5 29. Bc2+ Ne4 30. Nf2 Nd7 31. Nxe4 Nxf6 32. Nxf6+ Kh6 33. Bg6
1-0

[Event "C.to Europeo U12"]
[Site "Fermo ITA"]
[Date "2009.09.03"]
[Round "4"]
[White "Zanan, Evgeny"]
[Black "Kaczmarek, Aleksander"]
[Result "1/2-1/2"]
[WhiteElo "2111"]
[BlackElo "1967"]
[PlyCount "60"]
[EventDate "2009.08.31"]

1. d4 Nf6 2. c4 e5 3. dxe5 Ng4 4. Bf4 Nc6 5. Nf3 Bb4+ 6. Nbd2 Qe7 7. a3 Ngxe5
8. Nxe5 Nxe5 9. e3 Bd6 10. Ne4 Nxc4 11. Nxd6+ Nxd6 12. Bxd6 cxd6 13. Bc4 O-O
14. O-O Qe5 15. b3 b5 16. Bd5 Rb8 17. Qf3 Kh8 18. h3 Ba6 19. b4 f5 20. Rac1
Rbc8 21. Bb7 Rxc1 22. Rxc1 Qb2 23. Rc7 Bxb7 24. Qxb7 Qxa3 25. Rc8 Qa1+ 26. Kh2
Qf6 27. Qxd7 f4 28. Rxf8+ Qxf8 29. Qxb5 fxe3 30. fxe3 h6 1/2-1/2

[Event "C.to Europeo U12"]
[Site "Fermo ITA"]
[Date "2009.09.04"]
[Round "5"]
[White "Csonka, Balazs"]
[Black "Boruchovsky, Avital"]
[Result "1-0"]
[WhiteElo "2062"]
[BlackElo "2084"]
[PlyCount "55"]
[EventDate "2009.08.31"]

1. Nf3 Nf6 2. d4 d5 3. Bf4 e6 4. e3 Be7 5. Nbd2 O-O 6. Bd3 b6 7. h4 Bb7 8. c3
c5 9. Ne5 Nbd7 10. Rh3 c4 11. Bc2 b5 12. Rg3 g6 13. h5 Nxe5 14. Bxe5 Ne4 15.
Nxe4 dxe4 16. hxg6 fxg6 17. Qh5 Qe8 18. Qxh7+ Kxh7 19. Rh3+ Kg8 20. Rh8+ Kf7
21. Rh7+ Kg8 22. Rg7+ Kh8 23. Rxe7+ Kg8 24. Rg7+ Kh8 25. Rxb7+ Kg8 26. Rg7+ Kh8
27. Bxe4 Rc8 28. O-O-O 1-0

[Event "C.to Europeo U12"]
[Site "Fermo ITA"]
[Date "2009.09.04"]
[Round "5"]
[White "Kaczmarek, Aleksander"]
[Black "Lamard, Guillaume"]
[Result "0-1"]
[WhiteElo "1967"]
[BlackElo "2101"]
[PlyCount "100"]
[EventDate "2009.08.31"]

1. e4 c5 2. Nf3 e6 3. d4 cxd4 4. Nxd4 Nc6 5. a3 Qc7 6. Nc3 a6 7. f4 b5 8. Be3
Bb7 9. Nf3 b4 10. axb4 Nxb4 11. Bd3 Bc5 12. Qd2 Nf6 13. Bxc5 Qxc5 14. e5 Ng4
15. Na4 Qe3+ 16. Qxe3 Nxe3 17. Kf2 Nexc2 18. Bxc2 Nxc2 19. Rac1 Nb4 20. Rc7 Bc6
21. Nb6 Rb8 22. Nd4 Kd8 23. Nxc6+ Kxc7 24. Nxb8 Kxb6 25. Nxd7+ Kc6 26. Rd1 Rd8
27. Rd6+ Kc7 28. Nc5 Rxd6 29. exd6+ Kxd6 30. Ne4+ Kd5 31. Ng5 f6 32. Nxh7 Nd3+
33. Ke3 Nxb2 34. Kd2 Nc4+ 35. Kd3 e5 36. fxe5 Nxe5+ 37. Kd2 Ke6 38. g4 Nxg4 39.
Nf8+ Kf7 40. Nd7 Nxh2 41. Nc5 a5 42. Nb3 a4 43. Nc5 a3 44. Kc2 g5 45. Kb3 g4
46. Nd3 g3 47. Nf4 Nf3 48. Kxa3 Nh4 49. Kb3 g2 50. Nh3 Nf3 0-1

[Event "C.to Europeo U12"]
[Site "Fermo ITA"]
[Date "2009.09.04"]
[Round "5"]
[White "Ladva, Ottomar"]
[Black "Machan, Jan"]
[Result "1-0"]
[WhiteElo "1870"]
[BlackElo "1644"]
[PlyCount "55"]
[EventDate "2009.08.31"]

1. e4 e6 2. d4 d5 3. Nc3 Bb4 4. e5 c5 5. a3 Bxc3+ 6. bxc3 Ne7 7. h4 Nbc6 8. h5
h6 9. Nf3 Qb6 10. Be2 Bd7 11. O-O cxd4 12. cxd4 Nf5 13. c3 Na5 14. a4 Rc8 15.
g4 Ne7 16. Ba3 Rxc3 17. Bc5 Qb3 18. Bxa7 O-O 19. Bc5 Re8 20. Qe1 Nec6 21. Ra3
Qxa3 22. Bxa3 Rxa3 23. g5 Nb3 24. gxh6 gxh6 25. Qc3 Ne7 26. Qb2 Rxa4 27. Qxb3
Bc6 28. Bb5 1-0

[Event "C.to Europeo U12"]
[Site "Fermo ITA"]
[Date "2009.09.04"]
[Round "5"]
[White "Martella, Francesco"]
[Black "Iannello, Antonio"]
[Result "0-1"]
[WhiteElo "1470"]
[BlackElo "1446"]
[PlyCount "40"]
[EventDate "2009.08.31"]

1. e4 c5 2. Bc4 d6 3. Nc3 Nc6 4. Nf3 Nf6 5. d4 cxd4 6. Nxd4 Qc7 7. Nxc6 bxc6 8.
f3 g6 9. Be3 Bg7 10. Qd2 O-O 11. O-O-O Rd8 12. Rhg1 c5 13. h3 Bd7 14. g4 a5 15.
a4 Rdb8 16. b3 Qb7 17. g5 Qb4 18. gxf6 Bxf6 19. Nd5 Qa3+ 20. Kb1 Qb2# 0-1

[Event "C.to Europeo U12"]
[Site "Fermo ITA"]
[Date "2009.09.04"]
[Round "5"]
[White "Mazzeo, Gabriele"]
[Black "Pescatore, Lorenzo"]
[Result "0-1"]
[WhiteElo "1632"]
[BlackElo "1855"]
[PlyCount "106"]
[EventDate "2009.08.31"]

1. e4 Nc6 2. Nf3 e5 3. d4 exd4 4. Nxd4 Bc5 5. Be3 Qf6 6. c3 Qg6 7. Nd2 Nf6 8.
Qf3 Nxd4 9. Bxd4 Bxd4 10. cxd4 d6 11. h3 O-O 12. Bd3 Re8 13. O-O Qg5 14. Rad1
Nh5 15. Kh1 Re6 16. e5 Nf4 17. Rfe1 d5 18. Bf1 Rg6 19. Qg3 Qxg3 20. fxg3 Rxg3
21. Kh2 Rg6 22. Nb3 Rb6 23. Rd2 a5 24. Rc1 Ne6 25. Nc5 c6 26. Nxe6 Bxe6 27. g4
h6 28. Kg3 Kf8 29. Bd3 Ke7 30. Rf1 Rc8 31. Rc1 Ke8 32. Bf5 Ke7 33. h4 Ra6 34.
Rdc2 Raa8 35. Rc5 Kd7 36. Bxe6+ fxe6 37. Rf1 b6 38. Rc2 Rf8 39. Rff2 Rxf2 40.
Rxf2 Ke7 41. Rc2 Rc8 42. Kf3 c5 43. b3 Kd7 44. Ke2 cxd4 45. Rxc8 Kxc8 46. Kd3
Kd7 47. Kxd4 g5 48. h5 Kc6 49. a3 Kb5 50. Ke3 a4 51. b4 Kc4 52. Kd2 d4 53. Kc2
Kd5 0-1

[Event "C.to Europeo U12"]
[Site "Fermo ITA"]
[Date "2009.09.04"]
[Round "5"]
[White "Naoum, Spyridon"]
[Black "Ali Marandi, Cemil Can"]
[Result "0-1"]
[WhiteElo "1792"]
[BlackElo "1946"]
[PlyCount "52"]
[EventDate "2009.08.31"]

1. d4 d5 2. c4 c6 3. Nc3 Nf6 4. Nf3 a6 5. Bg5 Ne4 6. Bf4 Nxc3 7. bxc3 dxc4 8.
g3 b5 9. Bg2 Bb7 10. O-O e6 11. Qb1 Nd7 12. Ne5 Nxe5 13. Bxe5 f6 14. Bf4 Bd6
15. Qe4 Qe7 16. e3 O-O 17. a4 e5 18. axb5 axb5 19. dxe5 fxe5 20. Rad1 exf4 21.
Qxe7 Bxe7 22. Rd7 f3 23. Bh1 Bf6 24. Rxb7 Bxc3 25. Rc1 Bd2 26. Rd1 c3 0-1

[Event "C.to Europeo U12"]
[Site "Fermo ITA"]
[Date "2009.09.04"]
[Round "5"]
[White "Petrosyan, Manuel"]
[Black "Svane, Rasmus"]
[Result "1/2-1/2"]
[WhiteElo "1822"]
[BlackElo "2080"]
[PlyCount "110"]
[EventDate "2009.08.31"]

1. e4 c5 2. d3 e6 3. f4 Nc6 4. Nf3 g6 5. g3 Bg7 6. Bg2 Nge7 7. O-O O-O 8. c3 d6
9. Be3 b6 10. Bf2 Ba6 11. Re1 Rc8 12. g4 Qd7 13. f5 exf5 14. gxf5 Ne5 15. Nxe5
dxe5 16. Bh4 f6 17. fxg6 Nxg6 18. Bg3 Rcd8 19. Qh5 Bxd3 20. Bh3 Qf7 21. Bf5 Bc4
22. Qh3 Rd6 23. Na3 Be6 24. Nb5 Rc6 25. Rad1 Qe7 26. Qh5 a6 27. Na3 Qf7 28. Nc2
Bxf5 29. Qxf5 Qe6 30. Rd7 Ne7 31. Qxe6+ Rxe6 32. Ne3 Bh6 33. Nd5 Nxd5 34. exd5
Ree8 35. Rd6 Rb8 36. Bxe5 Bd2 37. Re2 fxe5 38. Rxd2 Rfd8 39. Re6 Re8 40. Re2
Rxe6 41. dxe6 Rd8 42. Rxe5 Rd1+ 43. Kf2 Kf8 44. e7+ Ke8 45. Re6 Rd2+ 46. Re2
Rxe2+ 47. Kxe2 Kxe7 48. Ke3 b5 49. Kf4 Kf6 50. b4 c4 51. h3 Kg6 52. Kg4 h6 53.
h4 Kf6 54. Kh5 Kg7 55. Kg4 Kf6 1/2-1/2

[Event "C.to Europeo U12"]
[Site "Fermo ITA"]
[Date "2009.09.04"]
[Round "5"]
[White "Sanal, Vahap"]
[Black "Zanan, Evgeny"]
[Result "0-1"]
[WhiteElo "1976"]
[BlackElo "2111"]
[PlyCount "136"]
[EventDate "2009.08.31"]

1. e4 c5 2. Nf3 e6 3. Nc3 a6 4. g3 Nc6 5. d4 cxd4 6. Nxd4 Qc7 7. Bg2 Nf6 8. O-O
d6 9. Re1 Rb8 10. a4 Be7 11. Nb3 b6 12. f4 O-O 13. Be3 Bb7 14. Qe2 Rbc8 15.
Rad1 Rfe8 16. g4 Nd7 17. g5 Nb4 18. Rd4 Nc6 19. Rd2 Nc5 20. Nxc5 dxc5 21. Kh1
Rcd8 22. Red1 Rxd2 23. Rxd2 Rd8 24. Qd1 Nd4 25. Ne2 b5 26. axb5 axb5 27. Nxd4
cxd4 28. Rxd4 Rxd4 29. Qxd4 Qxc2 30. h4 Bf8 31. Kh2 Qe2 32. Kg3 b4 33. Bf3 Qc2
34. h5 Qc7 35. Qa7 Qc6 36. Qb8 b3 37. Bd4 Qc4 38. Be5 Qc6 39. Bc3 Qb5 40. h6
Bc6 41. Qd8 Be8 42. Qd4 e5 43. fxe5 gxh6 44. Bg4 Qc5 45. Qxc5 Bxc5 46. gxh6 Be3
47. Be2 Bd7 48. Bc4 Be6 49. Bd5 Bxh6 50. Kf3 Bc1 51. Kg3 Kg7 52. Bc6 Kg6 53.
Bb5 Kg5 54. Bf1 h5 55. Bg2 h4+ 56. Kf2 Kf4 57. Bd4 Bg4 58. Bf1 Kxe4 59. Bc3 Kf4
60. Bc4 Be3+ 61. Kg2 Be6 62. Bf1 Ke4 63. Kh1 Kf3 64. Bg2+ Kg3 65. Bc6 Bg4 66.
Bd5 Bf3+ 67. Bxf3 Kxf3 68. Kh2 Ke4 0-1

[Event "C.to Europeo U12"]
[Site "Fermo ITA"]
[Date "2009.09.04"]
[Round "5"]
[White "Vavulin, Maksim"]
[Black "Shen, Yue"]
[Result "1-0"]
[WhiteElo "1983"]
[BlackElo "1752"]
[PlyCount "57"]
[EventDate "2009.08.31"]

1. d4 Nf6 2. c4 g6 3. Nc3 Bg7 4. e4 d6 5. Nf3 O-O 6. Be2 e5 7. O-O Nc6 8. d5
Ne7 9. Ne1 Ne8 10. Be3 f5 11. f3 f4 12. Bf2 Kh8 13. Nd3 Ng8 14. Rc1 Qg5 15. Kh1
Qf6 16. c5 a6 17. b4 Bd7 18. a4 Qd8 19. b5 a5 20. c6 Bc8 21. b6 bxc6 22. dxc6
cxb6 23. Nd5 Be6 24. c7 Qc8 25. Nxb6 Qb7 26. Nxa8 Qxa8 27. Qc2 Bc8 28. Qb3 Bb7
29. Qxb7 1-0

[Event "C.to Europeo U12"]
[Site "Fermo ITA"]
[Date "2009.09.06"]
[Round "6"]
[White "Kumsiashvili, Nikoloz"]
[Black "Boruchovsky, Avital"]
[Result "1-0"]
[WhiteElo "1912"]
[BlackElo "2084"]
[PlyCount "53"]
[EventDate "2009.08.31"]

1. d4 Nf6 2. c4 g6 3. Nc3 d5 4. cxd5 Nxd5 5. e4 Nxc3 6. bxc3 Bg7 7. Bc4 c5 8.
Ne2 Nc6 9. Be3 cxd4 10. cxd4 Qa5+ 11. Bd2 Qh5 12. Bc3 O-O 13. O-O Rd8 14. Rc1
e6 15. f4 b5 16. Bb3 a5 17. Ba1 a4 18. Bc2 Bb7 19. Rf3 Rac8 20. Rh3 Qg4 21. Qe1
Bf6 22. d5 Nb4 23. Bxf6 Nxc2 24. Qd2 Na3 25. Rxa3 Rxc1+ 26. Nxc1 Rc8 27. Rg3
1-0

[Event "C.to Europeo U12"]
[Site "Fermo ITA"]
[Date "2009.09.06"]
[Round "6"]
[White "Lamard, Guillaume"]
[Black "Daskalov, Dimitar"]
[Result "1/2-1/2"]
[WhiteElo "2101"]
[BlackElo "1936"]
[PlyCount "72"]
[EventDate "2009.08.31"]

1. d4 Nf6 2. c4 g6 3. Nc3 Bg7 4. e4 d6 5. Nf3 O-O 6. Be2 e5 7. Be3 Ng4 8. Bg5
f6 9. Bh4 Nc6 10. d5 Ne7 11. Nd2 Nh6 12. f3 g5 13. Bf2 Ng6 14. g3 f5 15. c5 g4
16. fxg4 Nxg4 17. Bxg4 fxg4 18. Be3 Bf6 19. cxd6 cxd6 20. Bh6 Rf7 21. O-O Qb6+
22. Kh1 Qxb2 23. Nc4 Qxc3 24. Rc1 Qb4 25. a3 Qc5 26. Nxe5 Nxe5 27. Rxc5 dxc5
28. Qc1 Nf3 29. h3 b6 30. e5 Bxe5 31. Rxf3 gxf3 32. Qg5+ Bg7 33. Qd8+ Bf8 34.
Qg5+ Kh8 35. Qe5+ Bg7 36. Bxg7+ Rxg7 1/2-1/2

[Event "C.to Europeo U12"]
[Site "Fermo ITA"]
[Date "2009.09.06"]
[Round "6"]
[White "Zanan, Evgeny"]
[Black "Csonka, Balazs"]
[Result "1-0"]
[WhiteElo "2111"]
[BlackElo "2062"]
[PlyCount "75"]
[EventDate "2009.08.31"]

1. e4 e6 2. d4 d5 3. Nc3 Nf6 4. e5 Nfd7 5. f4 c5 6. Nf3 Nc6 7. Be3 Be7 8. Be2
O-O 9. O-O Qb6 10. Na4 Qa5 11. Nxc5 Nxc5 12. dxc5 Bxc5 13. Bxc5 Qxc5+ 14. Kh1
b6 15. c3 a5 16. Bd3 h6 17. Qe2 Ne7 18. Nd4 Bd7 19. Rae1 Rae8 20. Rf3 Nf5 21.
Nxf5 exf5 22. Qc2 g6 23. Rff1 Be6 24. Qa4 Rd8 25. Qd4 Rc8 26. Rc1 b5 27. a3 Qc6
28. Be2 Rb8 29. Bf3 Rfc8 30. Rcd1 b4 31. Bxd5 Bxd5 32. Qxd5 bxc3 33. bxc3 Qxc3
34. e6 Rd8 35. Qxd8+ Rxd8 36. Rxd8+ Kh7 37. e7 Qc4 38. Rg1 1-0

[Event "C.to Europeo U12"]
[Site "Fermo ITA"]
[Date "2009.09.07"]
[Round "7"]
[White "Csonka, Balazs"]
[Black "Kumsiashvili, Nikoloz"]
[Result "1/2-1/2"]
[WhiteElo "2062"]
[BlackElo "1912"]
[PlyCount "53"]
[EventDate "2009.08.31"]

1. e4 c5 2. Nf3 d6 3. d4 cxd4 4. Nxd4 Nf6 5. Nc3 Nc6 6. Bg5 e6 7. Qd2 Qb6 8.
Bxf6 gxf6 9. Nb3 Bd7 10. O-O-O O-O-O 11. f4 Kb8 12. Be2 h5 13. Rhf1 Na5 14. Kb1
Nxb3 15. axb3 Qc5 16. Rf3 h4 17. Bf1 f5 18. e5 d5 19. Ne2 Qb6 20. Rh3 Bb4 21.
c3 Bc5 22. b4 Be7 23. Nd4 a5 24. b5 Rc8 25. Qc2 Bc5 26. Qa4 Bxd4 27. cxd4
1/2-1/2

[Event "C.to Europeo U12"]
[Site "Fermo ITA"]
[Date "2009.09.07"]
[Round "7"]
[White "Daskalov, Dimitar"]
[Black "Zanan, Evgeny"]
[Result "0-1"]
[WhiteElo "1936"]
[BlackElo "2111"]
[PlyCount "94"]
[EventDate "2009.08.31"]

1. e4 c5 2. Nf3 e6 3. d4 cxd4 4. Nxd4 Nc6 5. Nxc6 bxc6 6. Bd3 Nf6 7. O-O d5 8.
Qe2 Be7 9. c4 Nxe4 10. Bxe4 dxe4 11. Qxe4 Bb7 12. Nc3 O-O 13. Be3 Qc7 14. c5 e5
15. Kh1 Ba6 16. Rfd1 Rad8 17. f4 exf4 18. Bxf4 Qb7 19. b4 Bf6 20. Rxd8 Rxd8 21.
Re1 h6 22. Ne2 Bd3 23. Qe3 Qxb4 24. Nc1 Bf5 25. Bd6 Bg6 26. Rf1 Bg5 27. Qf3 Re8
28. Nd3 Bxd3 29. Qxd3 Re1 30. h3 Qd2 31. Qf5 Rxf1+ 32. Qxf1 Qxa2 33. Qf3 Qb1+
34. Kh2 Qb7 35. Qg4 Bf6 36. h4 a5 37. Kh3 Qb3+ 38. Kh2 Qe6 39. Qd1 Qe4 40. g3
a4 41. Qc1 Qe2+ 42. Kh3 Bb2 43. Qh1 Qe6+ 44. g4 a3 45. Qb1 Qb3+ 46. Bg3 a2 47.
Qf5 Qe6 0-1